000 00590nam a2200241 a 4500
001 nice12345678
003 IN_TiNIC
005 20260116014232.0
008 050524s2003 dela grp 000 0 eng
020 _a8188789
_c150
082 0 0 _a305.80954
_bKHA
100 _aKhalidi, Omar
245 _aKhaki and the Ethnic Violence
260 _aDelhi
_bThree Essays
_c2003
300 _a126p
500 _aincludes index and biblioraphy
505 2 _aNotes
650 _aEthnic Conflict-India
700 1 _aKhalidi, Omar
902 _bSRS
942 _cBK
999 _c14453
_d14453